My experiments with truth : (Record no. 33254)
[ view plain ]
| 000 -LEADER | |
|---|---|
| fixed length control field | 01316nam a22002897a 4500 |
| 005 - DATE AND TIME OF LATEST TRANSACTION | |
| control field | 19970904051429.3 |
| 008 - FIXED-LENGTH DATA ELEMENTS--GENERAL INFORMATION | |
| fixed length control field | 970904m19271929ii a 001 0aeng |
| 010 ## - LCCN (DPL NO) | |
| LC control number | ENG-95679 |
| 020 ## - INTERNATIONAL STANDARD BOOK NUMBER | |
| International Standard Book Number | 9788179928196 |
| Terms of availability | 295.00 |
| 035 ## - SYSTEM CONTROL NUMBER | |
| System control number | EN-79212 |
| 037 ## - SOURCE OF ACQUISITION | |
| Stock number | DBAD/PUB |
| 040 ## - CATALOGING SOURCE | |
| Original cataloging agency | DPL |
| 082 ## - DEWEY DECIMAL CLASSIFICATION NUMBER | |
| Classification number | 921 |
| 100 ## - MAIN ENTRY--PERSONAL NAME | |
| Personal name | Gandhi, M.K |
| Dates associated with a name | 1869-1948. |
| 245 ## - TITLE STATEMENT | |
| Title | My experiments with truth : |
| Statement of responsibility, etc | by M.K. Gandhi ; translated from the original in Gujarati by Mahadev Desai. |
| Remainder of title | an autobiography |
| 260 ## - PUBLICATION, DISTRIBUTION, ETC. (IMPRINT) | |
| Place of publication, distribution, etc | Mumbai |
| Name of publisher, distributor, etc | Jaico Publishing House, |
| Date of publication, distribution, etc | 2010 |
| 270 ## - ADDRESS | |
| Address | A-2, Jash chambers, Fort |
| City | Mumbai |
| Postal code | 400001 |
| 300 ## - PHYSICAL DESCRIPTION | |
| Extent | xv, 491p. |
| Dimensions | 23 cm.(Pbk) |
| 500 ## - GENERAL NOTE | |
| General note | Autobiographical. |
| 533 ## - REPRODUCTION NOTE | |
| Type of reproduction | Microfilm. |
| Place of reproduction | New Delhi : |
| Agency responsible for reproduction | Library of Congress Office ; |
| Place of reproduction | Chicago : |
| Agency responsible for reproduction | Available from Center for Research Libraries, |
| Date of reproduction | 1996. |
| Physical description of reproduction | On 1 microfilm reel with other items ; 35 mm. |
| Series statement of reproduction | (SAMP early 20th-century Indian books project ; item 10233) |
| Note about reproduction | Master microform held by: ICRL. |
| 600 ## - SUBJECT ADDED ENTRY--PERSONAL NAME | |
| Personal name | Gandhi, |
| Titles and other words associated with a name | Mahatma, |
| Dates associated with a name | 1869-1948. |
| 650 ## - SUBJECT ADDED ENTRY--TOPICAL TERM | |
| Topical term or geographic name as entry element | Statesmen |
| Geographic subdivision | India |
| General subdivision | Biography. |
| 700 ## - ADDED ENTRY--PERSONAL NAME | |
| Personal name | Desai, Mahadev H. |
| Fuller form of name | (Mahadev Haribhai), |
| Dates associated with a name | 1892-1942. |
| 942 ## - ADDED ENTRY ELEMENTS (KOHA) | |
| Source of classification or shelving scheme | Dewey Decimal Classification |
| Item type | English Books |
| Call number suffix | GAN |
| Classification part | 921 |
| Withdrawn status | Lost status | Source of classification or shelving scheme | Damaged status | Not for loan | Collection code | Home library | Current library | Date acquired | Source of acquisition | Cost, normal purchase price | Total Checkouts | Full call number | Barcode | Date last seen | Copy number | Cost, replacement price | Koha item type |
|---|---|---|---|---|---|---|---|---|---|---|---|---|---|---|---|---|---|
| Dewey Decimal Classification | Not For Loan | Non-fiction | D.B.Act.Division | D.B.Act.Division | 19/12/2009 | DBAD / PUB | 295.00 | 921 GAN | EN-79212 | 19/12/2009 | 1 | 295.00 | English Books |
